1240 1327 1863 1572 1859 1610 1004 1513 1533 1519 1332 1678 1619 1612 1522 1885 1932 1632 1131 1976 1455 1059 1295 1025 1395 1206 1735 1091 1839 1980 1613 1123 1076 1337 1958 1197 1899 1872 1831 1021 1441 1954 1112 1530 1750 1313 1373 1906 1191 1658 1557 1562 1112 1649 1331 1169 1898 1950 1168 1963 1989 1279 1712 1813 1428 1052 1325 1440 1048 1381 1759 1152 1673 1667 1582 1758 1905 1933 1222 1519 1215 1636 1185 1979 1165 1614 1910 1581 1869 1422 1878 1021 1217 1398 1700 1091 1488 1456 1804 BCNSPRNW ULIB Ver.6.0+V

เปลี่ยนเป็นภาษาไทย

Change to English
 แสดงรายละเอียดบรรณานุกรม
  กลับหน้าหลัก

Brief Record : Get Marc (ISO 2709) : E-mail record : QR code < ปิดหน้าต่าง
LEADER : 00000nam 2200000uu 4500
001    13399122728
003     ULIB
008    020711s2555 th a 000 0 tha d
020    9786162132223
050  4 DS520^bก323ซ
100    กวิตา ถนอมงาม
245    เซอลามัต ดาตัง...มาเลเซีย/^cกวิตา ถนอมงาม
250    พิมพ์ครั้งที่ 1
260    กรุงเทพฯ :^bสกายบุ๊กส์,^c2555
300    72 หน้า
440  0 ชุด ประชาคมอาเซียนฉบับการ์ตูน
650  7 อาเซียน^xเสริมความรู้
650  7 มาเลเซีย
945    ^p119^l0^i20170
999    ^aทศพร เกษรทอง
รายการนี้ยังไม่มีแท็ก
คุณยังไม่ได้ล็อกอิน คุณสามารถมีกิจกรรมร่วมกับเว็บไซต์ได้ แต่ต้องล็อกอินก่อน ::
  ล็อกอิน

รายการสื่อสารสนเทศ

ลำดับที่ ประเภท เลขเรียก/บาร์โค้ด สถานที่ สถานะ
1. การศึกษาทั่วไป
การศึกษาทั่วไป
DS520 ก323ซ ฉ.1 
  Barcode: 20170
ห้องสมุดวิทยาเขตนครสวรรค์
►หนังสือทั่วไป:l:General Books
บนชั้น

รายการใกล้เคียง
    ผู้แต่ง [กวิตา ถนอมงาม]

    หัวเรื่อง [มาเลเซีย]

BibComment


ยังไม่เคยถูกคอมเมนท์

คอมเมนท์ทรัพยากรรายการนี้
  คอมเมนท์: เซอลามัต ดาตังมาเ..


 Copyright 2026. Bcnsprnw @Library